LIBRARY & INFORMATION CENTRE, KCAET, TAVANUR

ONLINE PUBLIC ACCESS CATALOGUE (OPAC)

Studies on the effect of saline water intrusion in Tavanur- Ponnani area (Record no. 15708)

MARC details
000 -LEADER
fixed length control field 00459nam a22001577a 4500
003 - CONTROL NUMBER IDENTIFIER
control field OSt
082 ## - DEWEY DECIMAL CLASSIFICATION NUMBER
Classification number 631.587
Item number HAS/S
088 ## - REPORT NUMBER
Report number P 441
100 ## - MAIN ENTRY--AUTHOR NAME
Personal name Hasna Ameena P O
100 ## - MAIN ENTRY--AUTHOR NAME
Personal name Jesny M J
100 ## - MAIN ENTRY--AUTHOR NAME
Personal name Rohit Yadav
245 ## - TITLE STATEMENT
Title Studies on the effect of saline water intrusion in Tavanur- Ponnani area
260 ## - PUBLICATION, DISTRIBUTION, ETC. (IMPRINT)
Place of publication Tavanur
Name of publisher Department of Irrigation and Drainage engineering
Year of publication 2019
700 ## - ADDED ENTRY--PERSONAL NAME
Personal name Sasikala D (Guide)
942 ## - ADDED ENTRY ELEMENTS (KOHA)
Koha item type Project Report
Holdings
Collection code Home library Current library Shelving location Full call number Accession Number Koha item type
Reference KAUAET KAUAET Reference 631.587 HAS/S P 441 Project Report
free website counter